[Event "Bratislava Slovan op"]
[Site "Bratislava"]
[Date "2019.05.01"]
[Round "1"]
[White "Pirvulescu, Adrian"]
[Black "Pozar, Daniel"]
[Result "1-0"]
[WhiteElo "1846"]
[BlackElo "1396"]
[PlyCount "61"]
[EventDate "2019.05.01"]
[EventType "swiss"]
[EventRounds "9"]
[EventCountry "SVK"]
[SourceTitle "CBM 190 Extra"]
[Source "ChessBase"]
[SourceDate "2019.07.15"]
[SourceVersion "1"]
[SourceVersionDate "2019.07.15"]
[SourceQuality "1"]

1. e4 e5 2. Nf3 d6 3. d4 Nc6 4. dxe5 dxe5 5. Qxd8+ Kxd8 6. Bb5 Nge7 7. 0-0 f6 8. Rd1+ Bd7 9. Nc3 Ke8 10. Be3 Rd8 11. Nd5 Nxd5 12. exd5 Nb8 13. Bc4 b5 14. Be2 a6 15. c4 bxc4 16. Bxc4 Bd6 17. Nd2 Bc8 18. Ne4 Bf5 19. Nxd6+ cxd6 20. Rac1 Rc8 21. Bd3 Bd7 22. Rxc8+ Bxc8 23. Rc1 Ke7 24. Rc7+ Nd7 25. Ra7 g6 26. Bd2 h6 27. Bxg6 h5 28. Bd3 Rd8 29. a3 Ke8 30. Ba5 Nc5 31. Bg6+ 1-0

[Event "Bratislava Slovan op"]
[Site "Bratislava"]
[Date "2018.04.28"]
[Round "2"]
[White "Pozar, Daniel"]
[Black "Juhaniak, Lubomir"]
[Result "0-1"]
[WhiteElo "1423"]
[BlackElo "1760"]
[PlyCount "138"]
[EventDate "2018.04.27"]
[EventType "swiss"]
[EventRounds "9"]
[EventCountry "SVK"]
[SourceTitle "EXT 2023"]
[Source "ChessBase"]
[SourceDate "2022.10.05"]
[SourceVersion "1"]
[SourceVersionDate "2022.10.05"]
[SourceQuality "1"]

1. e4 e6 2. f4 d5 3. e5 d4 4. Qf3 Bc5 5. d3 Nc6 6. Nd2 Nge7 7. Ne4 Bb6 8. Bd2 Nd5 9. 0-0-0 Ba5 10. Ne2 Bxd2+ 11. Nxd2 Ne3 12. Re1 Nb4 13. Kb1 Nbxc2 14. Rc1 Nb4 15. Qe4 Nc6 16. Nb3 Nd5 17. Nexd4 Nxd4 18. Nxd4 c6 19. Be2 0-0 20. Nf3 Qb6 21. d4 Bd7 22. Rc5 a5 23. Nd2 a4 24. a3 Ra5 25. Rhc1 Rxc5 26. Rxc5 Ra8 27. Ka1 Qd8 28. g3 b6 29. Rc2 b5 30. Bd3 g6 31. Rc5 Qb8 32. Qf3 b4 33. Bc4 bxa3 34. Qxa3 Nb4 35. Be2 Ra5 36. Bd1 Ra7 37. Nc4 Nd5 38. Ra5 Rxa5 39. Nxa5 c5 40. dxc5 Qb5 41. c6 Bxc6 42. Nxc6 Qxc6 43. Bxa4 Qc1+ 44. Ka2 Qd2 45. h3 Nb4+ 46. Kb3 Nd3 47. Ka2 h5 48. Qc3 Qe2 49. Ka3 Nf2 50. h4 Ne4 51. Qc8+ Kg7 52. Qc2 Qe3+ 53. Qb3 Qf2 54. Bc6 Nxg3 55. Qf3 Qc5+ 56. b4 Qa7+ 57. Ba4 Nf5 58. Qh3 Qe7 59. Kb3 Nxh4 60. b5 Nf5 61. Qc3 Qd8 62. Kb4 Ne7 63. Qc5 Nd5+ 64. Kb3 h4 65. Kc4 Qa5 66. Kb3 h3 67. Qc4 h2 68. Qf1 Qb4+ 69. Kc2 Ne3+ 0-1

[Event "SVK-ch op"]
[Site "Banska Stiavnica"]
[Date "2015.07.06"]
[Round "3"]
[White "Pozar, Daniel"]
[Black "Kostolansky, Sebastian Lukas"]
[Result "1-0"]
[WhiteElo "1490"]
[BlackElo "1711"]
[PlyCount "69"]
[EventDate "2015.07.04"]
[EventType "swiss"]
[EventRounds "9"]
[EventCountry "SVK"]
[SourceTitle "CBM 167 Extra"]
[Source "ChessBase"]
[SourceDate "2015.09.14"]
[SourceVersion "1"]
[SourceVersionDate "2015.09.14"]
[SourceQuality "1"]

1. e4 e6 2. Bc4 d5 3. exd5 exd5 4. Bb5+ c6 5. Qe2+ Be7 6. Bd3 Nf6 7. Nf3 0-0 8. 0-0 c5 9. b3 Nc6 10. c3 Re8 11. Qd1 Bg4 12. Be2 Rc8 13. d3 Qc7 14. Re1 Bd6 15. Nbd2 Ne5 16. g3 Qa5 17. Bb2 Nfd7 18. a4 Bf5 19. d4 cxd4 20. Nxd4 Bd3 21. Bxd3 Nxd3 22. Rxe8+ Rxe8 23. Qc2 Nxb2 24. Qxb2 Qd8 25. Nb5 Bb8 26. Kf1 Qe7 27. Nf3 Qf6 28. Kg2 Nc5 29. Qc2 Rc8 30. Re1 Ne4 31. Re3 a6 32. Nbd4 Ba7 33. Qd3 Rxc3 34. Qxc3 Nxc3 35. Re8# 1-0

[Event "Piestany op"]
[Site "Piestany"]
[Date "2014.11.20"]
[Round "7"]
[White "Pozar, Daniel"]
[Black "Kympergr, Vojtech"]
[Result "1-0"]
[WhiteElo "1545"]
[BlackElo "1473"]
[PlyCount "44"]
[EventDate "2014.11.15"]
[EventType "swiss"]
[EventRounds "8"]
[EventCountry "SVK"]
[SourceTitle "EXT 2023"]
[Source "ChessBase"]
[SourceDate "2022.10.05"]
[SourceVersion "1"]
[SourceVersionDate "2022.10.05"]
[SourceQuality "1"]

1. e4 e5 2. f4 Nf6 3. Nf3 d6 4. d3 Bg4 5. Be2 Nc6 6. 0-0 Qd7 7. f5 Bxf3 8. Bxf3 Nd4 9. Nc3 c6 10. h3 0-0-0 11. Bg5 h6 12. Be3 Nxf3+ 13. Qxf3 Kb8 14. Qf2 b6 15. g4 d5 16. exd5 cxd5 17. d4 e4 18. Qe2 Kb7 19. a4 Qc7 20. Qg2 a6 21. Bf4 Bd6 22. Bxd6 Qxd6 1-0

[Event "Piestany op"]
[Site "Piestany"]
[Date "2014.11.16"]
[Round "2"]
[White "Pozar, Daniel"]
[Black "Lezovic, Maros"]
[Result "0-1"]
[WhiteElo "1545"]
[BlackElo "1792"]
[PlyCount "44"]
[EventDate "2014.11.15"]
[EventType "swiss"]
[EventRounds "8"]
[EventCountry "SVK"]
[SourceTitle "EXT 2023"]
[Source "ChessBase"]
[SourceDate "2022.10.05"]
[SourceVersion "1"]
[SourceVersionDate "2022.10.05"]
[SourceQuality "1"]

1. d4 d5 2. Nf3 Bf5 3. c4 e6 4. Nc3 Nf6 5. Nh4 Be4 6. Bg5 h6 7. Bxf6 Qxf6 8. Nxe4 Qxh4 9. Ng3 Bb4+ 10. Qd2 Bxd2+ 11. Kxd2 Qxd4+ 12. Kc2 Qxc4+ 13. Kd2 Qd4+ 14. Kc2 Qxf2 15. Rd1 0-0 16. Rd2 Na6 17. a3 c5 18. e4 Qf4 19. Bxa6 bxa6 20. Rf1 Qc7 21. exd5 exd5 22. Rxd5 Rad8 0-1

[Event "Tatry op"]
[Site "Tatranske Zruby"]
[Date "2012.09.28"]
[Round "7"]
[White "Nagy, Edmund"]
[Black "Pozar, Daniel"]
[Result "1-0"]
[WhiteElo "1713"]
[BlackElo "1623"]
[PlyCount "73"]
[EventDate "2012.09.23"]
[EventType "swiss"]
[EventRounds "9"]
[EventCountry "SVK"]
[SourceTitle "EXT 2023"]
[Source "ChessBase"]
[SourceDate "2022.10.05"]
[SourceVersion "1"]
[SourceVersionDate "2022.10.05"]
[SourceQuality "1"]

1. d4 e6 2. c4 d6 3. Nf3 b6 4. Nc3 Bb7 5. e4 Nf6 6. Bd3 Be7 7. 0-0 Nfd7 8. Re1 e5 9. dxe5 Nxe5 10. Nxe5 dxe5 11. Nd5 Bxd5 12. exd5 Bd6 13. Qg4 g6 14. Bh6 Nd7 15. Kh1 Qf6 16. Re2 Bf8 17. Bg5 Qd6 18. f4 Bg7 19. Rae1 0-0 20. f5 f6 21. Bh4 g5 22. Bf2 Rf7 23. b3 a5 24. Bc2 h6 25. Rc1 Qa3 26. Rd1 Qxa2 27. Qf3 Rc8 28. d6 c6 29. Be4 Qa3 30. Bxc6 Bf8 31. Bd5 Bxd6 32. Bxf7+ Kxf7 33. Qd5+ Ke7 34. Qe6+ Kd8 35. Rxd6 Rc7 36. Qg8+ Ke7 37. Re6# 1-0

[Event "Tatry op"]
[Site "Tatranske Zruby"]
[Date "2012.09.23"]
[Round "1"]
[White "Dobrowolski, Henryk"]
[Black "Pozar, Daniel"]
[Result "1-0"]
[WhiteElo "1815"]
[BlackElo "1623"]
[PlyCount "90"]
[EventDate "2012.09.23"]
[EventType "swiss"]
[EventRounds "9"]
[EventCountry "SVK"]
[SourceTitle "EXT 2023"]
[Source "ChessBase"]
[SourceDate "2022.10.05"]
[SourceVersion "1"]
[SourceVersionDate "2022.10.05"]
[SourceQuality "1"]

1. d4 g6 2. e4 d6 3. Nf3 Bg7 4. Nc3 c6 5. Be2 Nf6 6. 0-0 0-0 7. h3 Re8 8. Bf4 Qc7 9. Bh2 Nfd7 10. Bc4 Nb6 11. Bb3 N8d7 12. Ng5 Nf8 13. Bxf7+ Kh8 14. Bxe8 Ne6 15. Nf7+ Kg8 16. d5 Nc5 17. Qf3 Bd7 18. Bxd7 Ncxd7 19. Ng5 Rf8 20. Qg4 Qc8 21. Qe6+ Kh8 22. Nf7+ Rxf7 23. Qxf7 Qf8 24. Qe6 Qf6 25. Qxf6 Bxf6 26. dxc6 bxc6 27. Nd1 Nc4 28. c3 e5 29. b3 Ncb6 30. Ne3 Bd8 31. c4 Nc8 32. Rfd1 Nf6 33. f3 Bb6 34. Kf2 Kg7 35. Ke2 Kf7 36. a4 Ke7 37. a5 Bd4 38. Ra4 Bxe3 39. Kxe3 c5 40. g4 a6 41. b4 Nd7 42. b5 Nb8 43. Rd5 Na7 44. Bxe5 dxe5 45. Rxe5+ Kd6 1-0